000 01580nam a2200301Ia 4500
001 ebr10280006
003 CaPaEBR
006 m u
007 cr cn|||||||||
008 080814s2009 dcua sb 000 0 eng d
020 _z0309124751
020 _z9780309124751
040 _aCaPaEBR
_cCaPaEBR
035 _a(OCoLC)567855439
050 1 4 _aTK9204
_b.N38 2009eb
245 0 2 _aA review of the DOE plan for U.S. fusion community participation in the ITER program
_h[electronic resource] /
_cCommittee to Review the U.S. ITER Science Participation Planning Process, Plasma Science Committee, Board on Physics and Astronomy, Division on Engineering and Physical Sciences, National Research Council of the National Academies.
246 3 0 _aU.S. fusion community participation in the ITER program
260 _aWashington, D.C. :
_bNational Academies Press,
_cc2009.
300 _axiv, 41 p. :
_bcol. ill.
504 _aIncludes bibliographical references.
533 _aElectronic reproduction.
_bPalo Alto, Calif. :
_cebrary,
_d2009.
_nAvailable via World Wide Web.
_nAccess may be limited to ebrary affiliated libraries.
610 1 0 _aUnited States.
_bDept. of Energy
_xPlanning.
650 0 _aTokamaks
_xResearch
_xInternational cooperation.
655 7 _aElectronic books.
_2local
710 2 _aNational Research Council (U.S.).
_bCommittee to Review the U.S. ITER Science Participation Planning Process.
710 2 _aebrary, Inc.
856 4 0 _uhttp://site.ebrary.com/lib/rucke/Doc?id=10280006
_zAn electronic book accessible through the World Wide Web; click to view
999 _c4000
_d4000